वह लम्बी ख़ामोशी / (Record no. 117545)

MARC details
000 -LEADER
fixed length control field 01460nam a22003017a 4500
003 - CONTROL NUMBER IDENTIFIER
control field dpl
005 - DATE AND TIME OF LATEST TRANSACTION
control field 20181114132246.0
008 - FIXED-LENGTH DATA ELEMENTS--GENERAL INFORMATION
fixed length control field 181114b ||||| |||| 00| 0 eng d
010 ## - LIBRARY OF CONGRESS CONTROL NUMBER
LC control number A-981977
020 ## - INTERNATIONAL STANDARD BOOK NUMBER
Terms of availability 100.00
International Standard Book Number 8126006420
035 ## - SYSTEM CONTROL NUMBER
System control number A-981977, A-982002
037 ## - SOURCE OF ACQUISITION
Source of stock number/acquisition Cen Lib/Ret
040 ## - CATALOGING SOURCE
Original cataloging agency DPL
Language of cataloging HN
Transcribing agency 0
082 ## - DEWEY DECIMAL CLASSIFICATION NUMBER
Classification number
Item number देशप
100 ## - MAIN ENTRY--PERSONAL NAME
Personal name देशपाणडे, शाशी
9 (RLIN) 103845
245 ## - TITLE STATEMENT
Title वह लम्बी ख़ामोशी /
Statement of responsibility, etc शाशी देशपाणडे; अनुवादक लक्ष्मीचन्द जैन
246 ## - VARYING FORM OF TITLE
Title proper/short title Rajkanya /
Remainder of title by Shashi Deshpande; anuvadak Lakshmichand Jain
260 ## - PUBLICATION, DISTRIBUTION, ETC. (IMPRINT)
Place of publication, distribution, etc नयी दिल्ली
Name of publisher, distributor, etc साहित्य अकादेमी
Date of publication, distribution, etc 1999
270 ## - ADDRESS
Address रवीन्द्र भवन, 35, फीरोजशाह मार्ग
City नयी दिल्ली
Postal code 110001
300 ## - PHYSICAL DESCRIPTION
Extent 202पृ.
Dimensions 20सेमी (सजिल्द )
490 ## - SERIES STATEMENT
Series statement साहित्य अकादेमी द्वारा पुरस्कृत भारतीय अंग्रेजी उपन्यास
650 ## - SUBJECT ADDED ENTRY--TOPICAL TERM
Topical term or geographic name as entry element साहित्य--उपन्यास
General subdivision
Geographic subdivision
9 (RLIN) 45844
650 ## - SUBJECT ADDED ENTRY--TOPICAL TERM
Topical term or geographic name as entry element हिंदी उपन्यास
Form subdivision
9 (RLIN) 103846
650 ## - SUBJECT ADDED ENTRY--TOPICAL TERM
Topical term or geographic name as entry element Literature--Novel
9 (RLIN) 103847
650 ## - SUBJECT ADDED ENTRY--TOPICAL TERM
Topical term or geographic name as entry element Hindi Novel
9 (RLIN) 103848
700 ## - ADDED ENTRY--PERSONAL NAME
Personal name जैन, लक्ष्मीचन्द
9 (RLIN) 44816
942 ## - ADDED ENTRY ELEMENTS (KOHA)
Source of classification or shelving scheme Dewey Decimal Classification
Koha item type Hindi Books
Classification part
Call number suffix देशप
Holdings
Withdrawn status Lost status Damaged status Not for loan Home library Current library Date acquired Source of acquisition Cost, normal purchase price Total Checkouts Full call number Barcode Date last seen Copy number Cost, replacement price Price effective from Koha item type Source of classification or shelving scheme Collection code
        Central Library Central Library 07/09/2015 Cen Lib/Ret 100.00   उ देशप A-981977 07/09/2015 1 100.00 07/09/2015 Hindi Books    
        Shahdara Branch Shahdara Branch 14/11/2018 BPPD/PUB 100.00   उ देशप A-982002 14/11/2018   100.00 14/11/2018 Hindi Books Dewey Decimal Classification Fiction

© Delhi Public Library
Hit Counter
free hit counter